000 01573nam a22002417a 4500
999 _c7102
_d7102
003 DO-SdBJH
005 20221004181611.0
008 221004b ||||| |||| 00| 0 spa d
040 _aDO-SdBJH
_bspa
_cDO-SdBJH
090 _aTG EGAEE
_b01832 2020
100 1 _aHernández Rivera, Rafael
_esustentante
245 1 0 _aPotencial interinstitucional para mitigar riesgos sísmico en San Pedro de Macorís, Región Este, República Dominicana, 2015-2019 /
_cRafael Hernández Rivera, Reyson Paolo Gómez Piña, asesores Juan M. Pérez Richiez, José E. Méndez Medina
260 _aSanto Domingo :
_bINSUDE,
_c2020
300 _axxix, 81 páginas, gráficos
502 _aTesis (Especialidad en Geopolítica) -- Instituto Superior para la Defensa (INSUDE). Escuela de Graduados en Altos Estudios Estratégico, 2020
504 _aIncluye referencias bibliográficas e índices
505 _aNivel de riesgo sísmico que presenta la Provincia de San Pedro de Macorís en la actualidad. -- Instituciones y dependencias responsables de la prevención y mitigación de riesgo sísmico en la Provincia de San Pedro de Macorís. -- Procedimientos, mecanismos e instrumentos utilizados por las instituciones del estado en la Provincia de San Pedro de Macorís para mitigar riesgos antrópicos y naturales
700 1 _aGómez Piña, Reyson Paolo
_esustentante
700 1 _aPérez Richiez, Juan M.
700 1 _aMéndez Medina, José E.
_easesor
830 _aINSUDE. Escuela de Graduados en Altos Estudios Estratégico. Tesis y disertaciones académicas
942 _2CL
_cT